Poder local, poder regional / (Record no. 128953)

MARC details
000 -CABECERA
campo de control de longitud fija 00792nam a2200241 a 4500
005 - FECHA Y HORA DE LA ÚLTIMA TRANSACCIÓN
campo de control 20210219160022.0
008 - ELEMENTOS DE LONGITUD FIJA--INFORMACIÓN GENERAL
campo de control de longitud fija 080612s1986 mx r 000 0 spa d
020 ## - NÚMERO INTERNACIONAL NORMALIZADO PARA LIBROS
Número Internacional Estándar del Libro 9681203402
035 ## - NÚMERO DE CONTROL DEL SISTEMA
Número de control de sistema UPN01000156839
049 ## - COLECCIÓN
Colección UNE
080 ## - NÚMERO DE CLASIFICACIÓN DECIMAL UNIVERSAL
Número de la Clasificación Decimal Universal 342.1 (72) POD.
245 00 - MENCIÓN DE TÍTULO
Título Poder local, poder regional /
Mención de responsabilidad, etc. comps. Jorge Padua, Alain Vanneph.
260 ## - PUBLICACIÓN, DISTRIBUCIÓN, ETC.
Lugar de publicación, distribución, etc. México :
Nombre del editor, distribuidor, etc. El colegio de México ;
Lugar de publicación, distribución, etc. París :
Nombre del editor, distribuidor, etc. Universidad de París,
Fecha de publicación, distribución, etc. 1986.
300 ## - DESCRIPCIÓN FÍSICA
Extensión 287 p. :
Otras características físicas fot.
690 ## - PUNTO DE ACCESO ADICIONAL DE MATERIA LOCAL--TÉRMINO DE MATERIA (OCLC, RLIN)
Término de materia o nombre geográfico como elemento inicial Poder político - México
690 ## - PUNTO DE ACCESO ADICIONAL DE MATERIA LOCAL--TÉRMINO DE MATERIA (OCLC, RLIN)
Término de materia o nombre geográfico como elemento inicial México - Poder político
690 ## - PUNTO DE ACCESO ADICIONAL DE MATERIA LOCAL--TÉRMINO DE MATERIA (OCLC, RLIN)
Término de materia o nombre geográfico como elemento inicial Ciencias políticas - México
700 1# - ASIENTO SECUNDARIO--NOMBRE DE PERSONAL
Nombre de persona Padua Jorge,
Término indicativo de función/relación comp.
700 1# - ASIENTO SECUNDARIO--NOMBRE DE PERSONAL
Nombre de persona Vanneph, Alain,
Término indicativo de función/relación comp.
710 2# - ASIENTO SECUNDARIO - NOMBRE CORPORATIVO
Nombre de entidad corporativa o nombre de jurisdicción como elemento de entrada El Colegio de México. Centro de Estudios Sociológicos
710 2# - ASIENTO SECUNDARIO - NOMBRE CORPORATIVO
Nombre de entidad corporativa o nombre de jurisdicción como elemento de entrada Universidad de París
905 ## - TIPO DE MATERIAL
Tipo de material UNESCO

No items available.